000 00696cam a2200229 4500
001 D15708
008 090401t1973 xxu||||| |||| 00| 0 eng d
035 _a(Sirsi) u95146
041 _aeng
050 _a692.5
_c18
110 _aRoyal Institution of Chartered Surveyors
_94900
245 2 _aA model bill of quantities for an electrical installation, produced by the ECA in consultaiton with the RICS
260 _aLondon
_bECA
_bRICS
_c1973
300 _ac85p.
_c30cm
350 _a4.60
650 _aBILLS OF QUANITITES
650 _aELECTRICAL INSTALLATIONS
690 _aQuantity surveying
_96263
710 _aElectrical Contractors` Association
942 _n0
948 _c04/03/1997
999 _c98311
_d98311